The sicke vvomans private looking-glasse : wherein methodically are handled all uterine affects, or diseases arising from the wombe; enabling women to informe the physician about the cause of their griefe /

Bibliographic Details
Main Author: Sadler, John, ca. 1615-1664
Other Authors: Droeshout, John, d. 1652 (Engraver)
Format: eBook
Language:English
Published: London : Printed by Anne Griffin, for Philemon Stephens, and Christopher Meridith, at the Golden Lion in S. Pauls Church-yard, 1636.
Series:Early English books online.
Subjects:
Online Access:Connect to the full text of this electronic book

MARC

Tag First Indicator Second Indicator Subfields
LEADER 00000nam a2200000 4500
001 in00004196913
005 20200806084113.0
006 m g d
007 cr bn |||a|bb|
008 920406s1636 enk o 00 eng d
035 |a (UnM)99891947 
037 |a CL2105000002  |b ProQuest Information and Learning. 300 N. Zeeb Rd., Ann Arbor, MI 48106 
040 |a Cu-RivES  |c Cu-RivES  |d CStRLIN  |d Cu-RivES  |e dcrb 
100 1 |a Sadler, John,  |d ca. 1615-1664. 
245 1 4 |a The sicke vvomans private looking-glasse :  |b wherein methodically are handled all uterine affects, or diseases arising from the wombe; enabling women to informe the physician about the cause of their griefe /  |c By Iohn Sadler, Doctor in Physicke at Norwich. 
246 3 0 |a Sicke womans priuate looking-glasse 
246 3 0 |a Sick womans private looking-glass 
260 |a London :  |b Printed by Anne Griffin, for Philemon Stephens, and Christopher Meridith, at the Golden Lion in S. Pauls Church-yard,  |c 1636. 
300 |a 1 online resource ([24], 164, [2] pages) 
336 |a text  |b txt  |2 rdacontent 
337 |a computer  |b c  |2 rdamedia 
338 |a online resource  |b cr  |2 rdacarrier 
500 |a With an additional title page, engraved, "The sick womans priuate looking-glasse", signed: Io: Droeshout sculp. 
500 |a Engraved t.p. imprint: London Printed for Ph: Stephens and Ch: Meredith at the Gilded Lyon in Pauls Churchyard, 1636. 
500 |a Fragment: engr. t.p. only. 
500 |a Reproduction of original in the British Library. 
510 4 |a STC (2nd edition)  |c 21544 
510 4 |a Early English books tract supplement interim guide  |c Harl.5927 
533 |a Electronic reproduction.  |b Ann Arbor, Mich. :  |c UMI,  |d 1999-  |f (Early English books online)  |n Digital version of: (Early English books, Tract supplement ; E4:1[246b])  |7 s1999 miun s 
655 0 |a Title pages  |z England  |y 17th century. 
650 0 |a Uterus  |x Diseases  |v Early works to 1800. 
700 1 |a Droeshout, John,  |d d. 1652,  |e engraver. 
830 0 |a Early English books online. 
856 4 0 |u http://proxy.library.tamu.edu/login?url=https://search.proquest.com/docview/2240918077  |z Connect to the full text of this electronic book  |t 0 
999 f f |s c3dc5a5f-2945-3645-a218-a9c87a0618d0  |i 84d2821b-202a-363e-84ea-02d307fe1168  |t 0 
952 f f |a Texas A&M University  |b College Station  |c Electronic Resources  |d Available Online  |t 0  |h No information provided 
998 f f |t 0  |l Available Online